Spirit, Soul and Body / (Record no. 4259)

MARC details
000 -LEADER
fixed length control field 00525nam a22001937a 4500
003 - CONTROL NUMBER IDENTIFIER
control field OSt
005 - DATE AND TIME OF LATEST TRANSACTION
control field 20181204112015.0
008 - FIXED-LENGTH DATA ELEMENTS--GENERAL INFORMATION
fixed length control field 181204b ||||| |||| 00| 0 eng d
020 ## - INTERNATIONAL STANDARD BOOK NUMBER
International Standard Book Number 1595480633
040 ## - CATALOGING SOURCE
Transcribing agency DLC
082 ## - DEWEY DECIMAL CLASSIFICATION NUMBER
Classification number 233.5
Item number W872S
100 ## - MAIN ENTRY--PERSONAL NAME
Personal name Wommack, Andrew
245 ## - TITLE STATEMENT
Title Spirit, Soul and Body /
Statement of responsibility, etc. By Andrew Wommack.
260 ## - PUBLICATION, DISTRIBUTION, ETC.
Place of publication, distribution, etc. Colorado Springs, USA :
Name of publisher, distributor, etc. Andrew Wommack Ministies Inc.,
Date of publication, distribution, etc. c2005.
300 ## - PHYSICAL DESCRIPTION
Extent 148 p.:
630 ## - SUBJECT ADDED ENTRY--UNIFORM TITLE
Uniform title Wommack, Andrew
650 ## - SUBJECT ADDED ENTRY--TOPICAL TERM
Topical term or geographic name entry element Spirit,Soul and Body
General subdivision Trinity
942 ## - ADDED ENTRY ELEMENTS (KOHA)
Source of classification or shelving scheme Dewey Decimal Classification
Koha item type Books
Holdings
Withdrawn status Lost status Source of classification or shelving scheme Damaged status Not for loan Collection code Home library Current library Shelving location Date acquired Cost, normal purchase price Total Checkouts Full call number Barcode Date last seen Price effective from Koha item type
    Dewey Decimal Classification     Non-fiction Harvest Mission College Harvest Mission College General Stacks 04.12.2018 350.00   233.5 W872S 004848 04.12.2018 04.12.2018 Books

OPAC Designed and Maintained by HMC Library Team.
Copyright © HMC Library,Greater Noida, UP.
For any Suggestions/Query Contact library via Email:libhmc@gmail.com